Cómo guiar al niño a la madurez social
Zapisane w:
| 1. autor: | |
|---|---|
| Format: | Książka |
| Język: | hiszpański |
| Wydane: |
Ciudad de México
Letras
1960
|
| Seria: | Adaptandose a la vida
|
| Hasła przedmiotowe: | |
| Etykiety: |
Dodaj etykietę
Nie ma etykietki, Dołącz pierwszą etykiete!
|
MARC
| LEADER | 00000nam a2200000 a 4500 | ||
|---|---|---|---|
| 001 | UCY7234 | ||
| 003 | CL-VaPUC | ||
| 008 | 950609e19600000MX |||||||||||||||||spa|d | ||
| 082 | 0 | 4 | |a 302.34 |b WEI |2 21 |
| 100 | 0 | |a Weitzman, Ellis |e author |9 337584 | |
| 245 | 1 | 0 | |a Cómo guiar al niño a la madurez social |
| 300 | |a 55 p | ||
| 942 | |c BK | ||
| 945 | |d 19950609 00:00:00 |a mfernand | ||
| 260 | |a Ciudad de México |b Letras |c 1960 | ||
| 650 | 0 | |a Integración social |9 319662 | |
| 650 | 0 | |a Sociabilidad |9 337571 | |
| 650 | 0 | |a Socialización |9 309940 | |
| 650 | 0 | |a Amistad |9 307341 | |
| 650 | 7 | |a MADUREZ |2 CL-VaPUC |9 309002 | |
| 650 | 0 | |a Niños |9 255605 | |
| 650 | 7 | |a RELACIONES PADRES-HIJOS |2 CL-VaPUC |9 308185 | |
| 583 | |a last modification |c 19950609 00:00:00 |k Rodrigo Vera | ||
| 490 | 0 | |a Adaptandose a la vida | |
| 999 | |c 234659 |d 234657 | ||
| 952 | |0 0 |1 0 |4 0 |6 302_340000000000000_WEI_1960 |7 0 |8 P |9 241252 |a BIBEDU |b BIBEDU |c BIBEDU_PB |d 2019-11-18 |i 1516752 |o 302.34 WEI 1960 |p 1516752 |r 2019-11-18 |w 2019-11-18 |y BK |k EDU | ||